ARRUPE JESUIT UNIVERSITY

CORONAVIRUS -STOP THE SPREAD - CLEAN,DISINFECT,COVER

Rural migration in developing nations, (Record no. 131931)

MARC details
000 -LEADER
fixed length control field 00663nam a22001697a 4500
008 - FIXED-LENGTH DATA ELEMENTS--GENERAL INFORMATION
fixed length control field 240603b |||||||| |||| 00| 0 eng d
020 ## - INTERNATIONAL STANDARD BOOK NUMBER
International Standard Book Number 0865318328.
050 ## - LIBRARY OF CONGRESS CALL NUMBER
Classification number HB1955.R87 1984
100 ## - MAIN ENTRY--PERSONAL NAME
Personal name Goldscheider Calvin
9 (RLIN) 52823
245 ## - TITLE STATEMENT
Title Rural migration in developing nations,
Remainder of title comparative studies of Korea, Sri Lanka and Mali.
Statement of responsibility, etc Calvin Goldscheider.
260 ## - PUBLICATION, DISTRIBUTION, ETC. (IMPRINT)
Place of publication, distribution, etc London:
Name of publisher, distributor, etc Westview Press,
Date of publication, distribution, etc 1984.
300 ## - PHYSICAL DESCRIPTION
Extent xxvii;
Other physical details 313p,
Dimensions 22cm.
650 ## - SUBJECT ADDED ENTRY--TOPICAL TERM
Topical term or geographic name as entry element Rural;
Form subdivision urban migration,
General subdivision developing countries,
9 (RLIN) 52825
650 ## - SUBJECT ADDED ENTRY--TOPICAL TERM
Topical term or geographic name as entry element urban -rural migration;
Form subdivision developing countries.
9 (RLIN) 52826
650 ## - SUBJECT ADDED ENTRY--TOPICAL TERM
Topical term or geographic name as entry element developing countries;
Form subdivision rural conditions.
9 (RLIN) 52827
942 ## - ADDED ENTRY ELEMENTS (KOHA)
Source of classification or shelving scheme Library of Congress Classification
Item type Monograph ( Printed materials)

No items available.

 

Arrupe Library. PO Box MP320 Mt Pleasant, Harare, Zimbabwe
263 242 745411|librarian@aju.ac.zw